Top 15 des pays avec les décès de Covid-19 - 28 août - Statistiques

Statistiques générales
  • Ce quiz a été pris 28 fois
  • Le résultat moyen est 11 sur 19
Statistiques - réponses
pays % Correct
Etats-Unis
100%
France
96%
Brésil
89%
Royaume-Uni
89%
Espagne
85%
Italie
85%
Russie
78%
Mexique
74%
Belgique
67%
Inde
67%
Colombie
48%
Suède
48%
Iran
44%
Pérou
41%
Afrique du Sud
33%
Chili
26%
Équateur
22%
Bolivie
19%
Panama
11%
Aucun quiz correspondant
Distribution des résultats
% des personnes avec chaque résultat
Percentile par nombre de réponses
Votre historique - résultats
Vous n’avez pas pris ce quiz